000 00747nam a22002537a 4500
001 3893
003 FISKH
005 20240521153742.0
008 240521b cb ||||| |||| 00| 0 eng d
040 _aFISK
_beng
_cFISK
_dFISK
050 _aPZ7.M5615
082 _a599.78
100 _aMessner Kate
_d1970-
245 _aMarty mcGuire /
_cKate Messner
260 _aNew York :
_bScholastic,
_c2011
300 _a129 pages :
_c20 cm
505 _aM
520 _aWhen tomboy Marty is cast as the princess in the third-grade play, she learns about improvisation, which helps her become more adaptable.
521 8 _a660
_bLexiles
521 8 _aM
_bRaz-Plus
700 _aKate Messner
942 _2ddc
_cBK
_n0
999 _c3893
_d3893